US City Flags, Pt. 1 - Statistics

General Stats
  • This quiz has been taken 117 times
  • The average score is 15 of 29
Answer Stats
Picture Answer % Correct
Chicago
89%
Denver
84%
Phoenix
84%
Portland
81%
New York City
80%
New Orleans
78%
St Louis
69%
Minneapolis
67%
San Antonio
64%
Tulsa
63%
Indianapolis
61%
Cincinnati
58%
Kansas City
55%
Spokane
53%
Des Moines
52%
Jackson
47%
Wichita
47%
Reno
45%
Madison
44%
Sioux Falls
42%
Omaha
39%
Colorado Springs
36%
Pocatello
34%
Birmingham
33%
Corpus Christi
30%
Fort Wayne
30%
Redding
28%
Dayton
27%
Knoxville
27%
No matching quizzes found
Score Distribution
Percent of People with Each Score
Percentile by Number Answered
Your Score History
You have not taken this quiz